Telefonía sobre IP : el futuro de la telefonía
में बचाया:
| मुख्य लेखक: | |
|---|---|
| स्वरूप: | पुस्तक |
| प्रकाशित: |
[San José, Costa Rica]
2004
|
| विषय: | |
| टैग: |
टैग जोड़ें
कोई टैग नहीं, इस रिकॉर्ड को टैग करने वाले पहले व्यक्ति बनें!
|
MARC
| LEADER | 00000nam a2200000Ia 4500 | ||
|---|---|---|---|
| 003 | 009431 | ||
| 005 | 20221231144134.0 | ||
| 008 | 140114s2004 cr a m 000 ||s d | ||
| 040 | |c cru CEDI | ||
| 090 | |a TFG 4974 | ||
| 100 | |a Solano Alvarez, Daniel |9 6248 | ||
| 245 | |a Telefonía sobre IP : el futuro de la telefonía | ||
| 260 | |c 2004 |a [San José, Costa Rica] | ||
| 300 | |a xii, 63 hojas : ilustraciones(algunas a color) | ||
| 500 | |a Proyecto de graduación (bachiller en ingeniería eléctrica)--Universidad de Costa Rica. Facultad de Ingeniería. Escuela de Ingeniería Eléctrica | ||
| 650 | |x TELEFONIA POR INTERNET |x SISTEMAS DE PROCESAMIENTO DE LA VOZ |x CP/IP (PROTOCOLO DE REDES DE COMPUTADORAS) |9 6249 | ||
| 942 | |c TFG | ||
| 999 | |c 17449 |d 17449 | ||
